Biotechnology and agriculture / (Record no. 37782)

MARC details
000 -LEADER
fixed length control field 00797nam a22002057a 4500
005 - DATE AND TIME OF LATEST TRANSACTION
control field 2010072205365.0
010 ## - LCCN (DPL NO)
LC control number ENG-97067
020 ## - INTERNATIONAL STANDARD BOOK NUMBER
International Standard Book Number 978938087330
Terms of availability 650.00
035 ## - SYSTEM CONTROL NUMBER
System control number EN-805600
037 ## - SOURCE OF ACQUISITION
Source of stock number/acquisition DBAD/PUB
082 ## - DEWEY DECIMAL CLASSIFICATION NUMBER
Classification number 630.21
245 ## - TITLE STATEMENT
Title Biotechnology and agriculture /
Statement of responsibility, etc edited & compiled by Sunil Pandhare
260 ## - PUBLICATION, DISTRIBUTION, ETC. (IMPRINT)
Place of publication, distribution, etc New Delhi
Name of publisher, distributor, etc Educational publishers and distributors
Date of publication, distribution, etc 2010
270 ## - ADDRESS
City New Delhi
Postal code 110035
Address 291, Bank Enclave, Laxmi Nagar,
300 ## - PHYSICAL DESCRIPTION
Extent 288 p.
Dimensions 22 cm (Hb)
500 ## - GENERAL NOTE
General note includes bibliographical references and index
700 ## - ADDED ENTRY--PERSONAL NAME
9 (RLIN) 1438
Personal name Pandhare, Sunil
942 ## - ADDED ENTRY ELEMENTS (KOHA)
Source of classification or shelving scheme Dewey Decimal Classification
Item type English Books
Call number suffix BIO
Classification part 630.21
Holdings
Withdrawn status Lost status Not for loan Collection code Home library Current library Date acquired Source of acquisition Cost, normal purchase price Full call number Barcode Copy number Cost, replacement price Koha item type
    Not For Loan Non-fiction D.B.Act.Division D.B.Act.Division 26/07/2010 DBAD/PUB 650.00 630.21 BIO EN-80600 1 650.00 English Books

© Delhi Public Library
Hit Counter
free hit counter